| 000 | 00495nam a2200169Ia 4500 | ||
|---|---|---|---|
| 003 | OSt | ||
| 005 | 20260224145214.0 | ||
| 008 | 190216s9999||||xx |||||||||||||| ||und|| | ||
| 020 | _a9788120317499 | ||
| 040 | _coclc | ||
| 082 |
_a541.22 _bARU/M |
||
| 100 |
_aAruldhas, G _94106 |
||
| 245 | 0 |
_aMolecular Structure And Spectroscopy / _cG Aruldhas |
|
| 260 |
_bPrentice Hall Of India, _c2001. _aNew Delhi: |
||
| 300 | _a409p | ||
| 942 |
_cBK _2ddc _h541.22 _iARU/M _k541.22 _mARU/M |
||
| 999 |
_c3029 _d3029 |
||